Modelování dynamiky požáru v budovách /

Hlavní autor: Wald, František, 1953-
Korporativní autor: České vysoké učení technické v Praze. Stavební fakulta
Další autoři: Pokorný, Marek, 1981-, Cábová, Kamila, Hejtmánek, Petr, 1984-, Najmanová, Hana, Benýšek, Martin, Kurejková, Marta, Schwarz, Ivo
Jazyk: Čeština
Vydáno: Praha : České vysoké učení technické v Praze, 2017
Témata:
Fyzický popis: 83 stran : ilustrace (některé barevné) ; 25 cm + 1 CD-ROM
Language note: Anglické resumé
Knihy
Uloženo v:
LEADER 02430nam a2200637 i 4500
001 nkc20172887570
003 CZ PrNK
005 20170424093628.0
007 ta
008 170330s2017 xr a f 000 0 cze
015 |a cnb002887570 
020 |a 978-80-01-05633-2  |q (brožováno) 
035 |a (OCoLC)987016722 
040 |a ABA001  |b cze  |e rda 
041 0 |a cze  |b eng 
072 7 |a 614.84  |x Požáry. Ochrana před požáry  |2 Konspekt  |9 14 
080 |a 614.841  |2 MRF 
080 |a 004.94  |2 MRF 
080 |a 699.81  |2 MRF 
080 |a (048.8:082)  |2 MRF 
100 1 |a Wald, František,  |d 1953-  |7 jn20001227071  |4 aut 
245 1 0 |a Modelování dynamiky požáru v budovách /  |c Wald František, Pokorný Marek, Horová Kamila, Hejtmánek Petr, Najmanová Hana, Benýšek Martin, Kurejková Marta, Schwarz Ivo 
264 1 |a Praha :  |b České vysoké učení technické v Praze,  |c 2017 
300 |a 83 stran :  |b ilustrace (některé barevné) ;  |c 25 cm +  |e 1 CD-ROM 
336 |a text  |b txt  |2 rdacontent 
337 |a bez média  |b n  |2 rdamedia 
337 |a počítač  |b c  |2 rdamedia 
338 |a svazek  |b nc  |2 rdacarrier 
338 |a počítačový disk  |b cd  |2 rdacarrier 
500 |a Na obálce pod názvem: Fakulta stavební ČVUT v Praze 
500 |a 250 výtisků 
504 |a Obsahuje bibliografii 
546 |a Anglické resumé 
650 0 7 |a požáry  |7 ph124494  |2 czenas 
650 0 7 |a počítačová simulace  |7 ph124508  |2 czenas 
650 0 7 |a požární bezpečnost staveb  |7 ph159647  |2 czenas 
650 0 9 |a fires  |2 eczenas 
650 0 9 |a computer simulation  |2 eczenas 
650 0 9 |a fire safety of buildings  |2 eczenas 
653 0 |a Fire Dynamic Simulator 
655 7 |a kolektivní monografie  |7 fd501537  |2 czenas 
655 9 |a collective monographs  |2 eczenas 
700 1 |a Pokorný, Marek,  |d 1981-  |7 ctu2013765598  |4 aut 
700 1 |a Cábová, Kamila  |7 ola2011659238  |4 aut 
700 1 |a Hejtmánek, Petr,  |d 1984-  |7 ola2014807881  |4 aut 
700 1 |a Najmanová, Hana  |4 aut 
700 1 |a Benýšek, Martin  |4 aut 
700 1 |a Kurejková, Marta  |4 aut 
700 1 |a Schwarz, Ivo  |4 aut 
710 2 |a České vysoké učení technické v Praze.  |b Stavební fakulta  |7 kn20010710181  |4 isb 
910 2 |a BOA001  |b 3-1385.767 
928 9 |a Nakladatelství ČVUT 
990 |a BK 
995 |a 01 
991 |b 201704  |c NOV 
996 6 |b 2610702995  |c 3-1385.767  |l MZK  |r Sklad / do 1 hodiny  |n 4  |p p.v.  |w 001606224  |u 000010  |a 1  |e BOA001  |j MZK50  |s P